| 000 | 00350nam a22001457a 4500 | ||
|---|---|---|---|
| 003 | SGT | ||
| 020 | _a978-81-932450-7-1 | ||
| 082 |
_a543.19 _bSRI |
||
| 100 | _aSRIVASTAVA, B.B. LAL | ||
| 245 | _aPRACTICAL INSTRUMENTAL ANALYSIS-I | ||
| 260 |
_aINDIA _bIP PUB. _c2023 |
||
| 300 | _a37 | ||
| 650 | _aPRACTICAL INSTRUMENTAL ANALYSIS | ||
| 942 |
_2ddc _cBK |
||
| 999 |
_c34162 _d34162 |
||